| 000 | 01232nam a2200301 a 4500 | ||
|---|---|---|---|
| 005 | 20160217182525.0 | ||
| 008 | 160217s2008 ck ab fr||||o000 0 spa d | ||
| 020 | _a9789588323190 | ||
| 040 |
_aCO-BoIAVH _cCO-BoIAVH |
||
| 041 | 0 | _aspa | |
| 044 | _ack | ||
| 082 | 0 | 4 |
_a550.223 _bI59m |
| 110 | 2 | _bInstituto de Hidrología, Meteorología y Estudios Ambientales | |
| 245 | 1 | 0 |
_aMapa de cobertura de la tierra cuenca Magdalena-Cauca : _bmetodología Corine Land Cover adaptada para Colombia a escala 1:100.000 |
| 260 |
_aBogotá : _bIDEAM : _bIGAC : _bCORPOMAGDALENA, _c2008. |
||
| 300 |
_a200 páginas : _bIlustraciones (algunas a color), Mapas; _c28 x 22 cm. |
||
| 504 | _aIncluye referencias bibliográficas: páginas 193-195. | ||
| 650 | 1 | 4 | _aCobertura de la tierra |
| 650 | 2 | 4 |
_aCORINE Land Cover _xMetodología |
| 650 | 2 | 4 | _aPlanicie del caribe |
| 650 | 2 | 4 | _aValle del río Magdalena |
| 650 | 2 | 4 | _aValle del río Cauca |
| 650 | 2 | 4 |
_aRegión Andina _zColombia |
| 650 | 2 | 4 |
_aCartografía _zColombia |
| 710 | 2 | _aCorporación Autónoma Regional de Río Grande de la Macarena | |
| 710 | 2 | _aInstituto Geográfico Agustín Codazzi | |
| 942 |
_cLIBRO _2ddc |
||
| 999 |
_c6772 _d6772 |
||